Statistics for Mythical creatures of specific places

Click here to take the quiz!

General Stats

  • This quiz has been taken 35 times
  • The average score is 6 of 17

Answer Stats

HintAnswer% Correct
Leprechauns & Banshees hail from this Celtic nationIreland
97%
"Nessy" lives in this lakeLoch Ness
94%
The Yeti is believed to live in this mountain rangeHimalayas
76%
The Minotaur lives in the Labyrinth on this Greek islandCrete
73%
The "Death worm" lives in the sands of this desertGobi Desert
52%
Kuniya, the woma python, lived in the rocks at this famous Australian landmarkUluru
45%
Zombies originate from the folklore of this countryHaiti
42%
"Mokèlé-mbèmbé" lives in this African river basinCongo River
36%
Greek goddess Aphrodite was born on this islandCyprus
27%
Druk the thunder dragon is the symbol of this countryBhutan
18%
"The Hairy Hands" like to cause road accidents in this Devon moorlandDartmoor
15%
Tartalo is a cyclops like creature in the folklore of this western Europe regionBasque Country
9%
Merlin the Magician hails from this Welsh townCarmarthen
9%
Whereas "Bessie" lives in this lakeLake Erie
6%
Specifically this cityPaphos
3%
Chickcharney live on Andros island in this countryBahamas
3%
Jason would find the Golden Fleece in this ancient kingdomColchis
3%

Score Distribution

Percentile by Number Answered

Percent of People with Each Score

Your Score History

You have not taken this quiz